[Event "FIDE Grand Swiss 2023"]
[Site "Douglas"]
[Date "26.10.2023"]
[Round "2"]
[White "Parligras, Mircea-Emilian"]
[Black "Warmerdam, Max"]
[Result "1/2-1/2"]
[WhiteElo "2561"]
[BlackElo "2636"]
[EventDate "2022.10"]
[WhiteFideId "1204297"]
[BlackFideId "1048104"]

1. d4 Nf6 2. c4 e6 3. Nf3 d5 4. g3 dxc4 5. Bg2 Bb4+ 6. Bd2 a5 7. a3 Be7 8.
Qa4+ Nbd7 9. Qxc4 O-O 10. Nc3 b6 11. Ne5 Ba6 12. Qa4 Nxe5 13. dxe5 Nd5 14.
Qc6 Rb8 15. Nxd5 exd5 16. Qxd5 Qc8 17. Qb3 Qf5 18. Bf3 Bc5 19. Bc3 Bb7 20.
Qd1 Be4 21. O-O Rbd8 22. Qc1 Bxf3 23. exf3 Qxf3 24. Bxa5 Rd4 25. Bc3 Rg4
26. Qd1 Rxg3+ 27. hxg3 Qxg3+ 28. Kh1 1/2-1/2

[Event "FIDE Grand Swiss 2023"]
[Site "Douglas"]
[Date "01.11.2023"]
[Round "7"]
[White "Erigaisi, Arjun"]
[Black "Esipenko, Andrey"]
[Result "*"]
[WhiteTitle ""]
[BlackTitle ""]
[WhiteElo "2712"]
[BlackElo "2683"]
[WhiteFideId "35009192"]
[BlackFideId "24175439"]
[EventDate "2023.10"]

1. e4 e5 2. Nf3 Nc6 3. Bb5 a6 4. Ba4 Nf6 5. O-O Be7 6. Re1 b5 7. Bb3 O-O 8. h3
Bb7 9. d3 d5 10. exd5 Nxd5 11. Nbd2 Qd7 12. a4 Rae8 13. axb5 axb5 14. Ne4 Kh8
15. Bd2 f6 16. c3 f5 17. Neg5 Bf6 18. c4 bxc4 19. dxc4 Nde7 20. c5 e4 21. Be6
Qd8 22. Nf7+ Rxf7 23. Bxf7 Rf8 24. Ng5 e3 25. Bxe3 Qxd1 26. Raxd1 h6 27. Rd7
hxg5 28. Rxc7 Ba8 29. Bc4 Rd8 30. Be6 Kh7 31. Rd7 Rb8 32. b3 Bb7 33. Rd6 f4 34.
Bd2 Be5 35. Rd7 Bf6 36. b4 Ba6 37. Rd6 Bb5 38. Bd7 Ra8 39. h4 gxh4 40. Bxf4 Ra2
41. g4 hxg3 42. Bxg3 Rb2 43. Kg2 Bc4 44. Kh2 Bb5 45. Re4 Ba4 46. Kg2 Kg8 47. Bh4
Bc2 48. Rg4 Bxh4 49. Rxh4 g5 50. Rg4 Rxb4 51. Rxg5+ Kf7 52. f3 Na5 53. c6 Nc4
54. Rh6 Bg6 55. Rh8 Rb2+ 56. Kg3 Nd6 57. Rc5 Be4 58. Rc3 Bf5 59. Rd8 Bxd7 60.
Rxd7 Nc8 61. c7 Ke6 62. Rd8 Rb4 63. f4 Rb1 64. Rc5 Rg1+ 65. Kf2 Ra1 66. Ke3 Ra3+
67. Ke2 Kf7 68. Kd2 Ra4 69. Ke3 Rb4 70. Kf3 Rb1 71. Rd4 Kf6 72. Rd8 Kf7 73. Ke4
Kf6 74. Rh8 Rb4+ 75. Ke3 Kg7 76. Rh1 Kf7 77. Kf3 Rb7 78. Kg4 Kg7 79. Rd1 Kf7 80.
Rc2 Ra7 81. Rd7 Ra1 82. Rd8 Kg7 83. Rcd2 Rg1+ 84. Kf3 Rc1 85. R8d7 Kf6 86. Re2
Kf7 *

[Event "FIDE Grand Swiss 2023"]
[Site "Douglas"]
[Date "04.11.2023"]
[Round "10"]
[White "Anton Guijarro, David"]
[Black "Duda, Jan-Krzysztof"]
[Result "1/2-1/2"]
[WhiteElo "2653"]
[BlackElo "2726"]
[EventDate "2022.10"]
[WhiteFideId "2285525"]
[BlackFideId "1170546"]

1. d4 Nf6 2. c4 e6 3. Nc3 Bb4 4. e3 c5 5. Ne2 cxd4 6. exd4 d5 7. c5 Ne4 8.
a3 Nxc3 9. Nxc3 Bxc3+ 10. bxc3 O-O 11. Bd3 Qh4 12. Rb1 b6 13. cxb6 axb6 14.
Rxb6 Nd7 15. Rb4 Ba6 16. O-O Rfc8 17. Qe2 Bxd3 18. Qxd3 Qd8 19. c4 dxc4 20.
Rxc4 Rxc4 21. Qxc4 Nb6 22. Qb3 Nd5 23. Bd2 Qd7 24. Rb1 h5 25. Qf3 Qa7 26.
Qxh5 Qxa3 27. Qe2 Nc3 28. Bxc3 Qxc3 29. Rd1 Rd8 30. Qe3 Qc2 31. Qd2 Qxd2
32. Rxd2 Rd5 33. f4 f6 34. Kf2 e5 35. Ke3 exd4+ 36. Rxd4 Rh5 37. h3 Kh7 38.
Kf3 1/2-1/2